UM Logo
Normal view MARC view
  • Safronov, Mark.

Entry Personal Name

Number of records used in: 1

001 - CONTROL NUMBER

  • control field: 37663

003 - CONTROL NUMBER IDENTIFIER

  • control field: OSt

005 - DATE AND TIME OF LATEST TRANSACTION

  • control field: 20190323153211.0

008 - FIXED-LENGTH DATA ELEMENTS

  • fixed length control field: 190323|| aca||aabn | a|a d

040 ## - CATALOGING SOURCE

  • Original cataloging agency: OSt
  • Transcribing agency: OSt

100 ## - HEADING--PERSONAL NAME

  • Personal name: Safronov, Mark.

670 ## - SOURCE DATA FOUND

  • Source citation: Work cat.: (OSt): Safronov, Mark., Web application development with Yii 2 and PHP /, ©2014.